Statistics for Intelligence Quiz #3

Click here to take the quiz!

General Stats

  • This quiz has been taken 136 times
  • The average score is 11 of 15

Answer Stats

QuestionAnswer% Correct
Level 1 Geography: What is the largest city in Japan by population?Tokyo
98%
Level 1 Science: Which element is known to make one's voice higher pitched?Helium
97%
Level 2 Science: What directly makes plants green?Chlorophyll
96%
Level 1 Anatomy: Which body system is directly responsible for breathing?Respiratory
96%
Level 1 Math: What is 8 - 17?-9
94%
Level 1 History: From which country did South Sudan secede in 2011?Sudan
88%
Level 3 Anatomy: What is the largest organ according to scientists?Skin
87%
Level 2 History: Which document ended World War One?The Treaty of Versailles
87%
Level 2 Math: Of the given choices, which is the closest number to pi multiplied by two?6
83%
Level 2 Geography: Which is a bordering country of Egypt?Libya
80%
Level 3 Math: What is 90 divided by 9, multiplied by 5, divided by 2, divided by 10, divided by 2.5000?1
76%
Level 3 Geography: What is the legislative capital of Sri Lanka?Sri Jayawardenepura Kotte
62%
Level 3 Science: What is the atomic number of an atom?The number of protons in a nucleus
33%
Level 2 Anatomy: About how many bones are in human legs?60
22%
Level 3 History: Who first colonized Taiwan?Netherlands
8%

Score Distribution

Percentile by Number Answered

Percent of People with Each Score

Your Score History

You have not taken this quiz